| 000 | 01153nam a22002657a 4500 | ||
|---|---|---|---|
| 005 | 20110125140113.0 | ||
| 008 | 110125t xxu||||| |||| 00| 0 mar d | ||
| 010 | _aHIN-93440 | ||
| 020 |
_a9788191088090 _c150.00 |
||
| 035 | _aHN-65786 | ||
| 037 | _bDBAD / PUB | ||
| 040 |
_aDPL _bHN |
||
| 082 | _aउ | ||
| 100 |
_925582 _aनीता दानी |
||
| 245 |
_aरिश्तों के दंशः _cनीता दानी _bपुरस्कृत उपन्यास / |
||
| 246 |
_aRishton ke dansh _bby Nita Dani |
||
| 260 |
_aलखनऊ _bमैत्री पब्लिकेशन्स _c2010 |
||
| 270 |
_a17, अशोक मार्ग _bलखनऊ _k0522 2288381 |
||
| 300 |
_a148पृ _c22सेमी (सजिल्द) |
||
| 650 |
_91169 _aहिन्दी कथा साहित्य |
||
| 650 |
_930223 _aHindi Novel |
||
| 700 | _925583 | ||
| 942 |
_2ddc _cHN _h821.08 _mनीतादा |
||
| 999 |
_c54496 _d54496 |
||